BIBLIOTECA “JULIO CORTÁZAR”
ESCUELA AGROTÉCNICA “LIBERTADOR GENERAL SAN MARTÍN” - UNR – CASILDA

Logo Escuela Logo UNR

La energía vegetal / (Record no. 978)

MARC details
000 -LEADER
campo de control de longitud fija 01184nam#a22003735a#4500
001 - NÚMERO DE CONTROL
campo de control 978
080 ## - NÚMERO DE LA CLASIFICACIÓN DECIMAL UNIVERSAL
Número de la Clasificación Decimal Universal 613
084 ## - OTRO NÚMERO DE CLASIFICACIÓN
Número de clasificación P57
040 ## - FUENTE DE CATALOGACIÓN
Centro catalogador/agencia de origen AR-ClEAG
Centro/agencia transcriptor AR-ClEAG
008 - DATOS DE LONGITUD FIJA--INFORMACIÓN GENERAL
campo de control de longitud fija 091203s1963####ag#a###f#f####001#0dspa#d
005 - FECHA Y HORA DE LA ÚLTIMA TRANSACCIÓN
campo de control 20241107184653.0
003 - IDENTIFICADOR DE NÚMERO DE CONTROL
campo de control AR-ClEAG
100 1# - ENTRADA PRINCIPAL--NOMBRE DE PERSONA
Nombre de persona Pilet, Paul-Émile.
245 13 - MENCIÓN DEL TÍTULO
Título La energía vegetal /
Mención de responsabilidad, etc. Paul-Émile Pilet ; traducido por Roberto Piterbarg y revisión técnica de Luisa María Rossini.
250 ## - MENCION DE EDICION
Mención de edición 1ª ed.
260 ## - PUBLICACIÓN, DISTRIBUCIÓN, ETC.
Lugar de publicación, distribución, etc. Buenos Aires :
Nombre del editor, distribuidor, etc. EUDEBA,
Fecha de publicación, distribución, etc. 1963.
300 ## - DESCRIPCIÓN FÍSICA
Extensión 145 p. :
Otras características físicas il. byn. ;
Dimensiones 18 cm.
490 0# - MENCIÓN DE SERIE
Mención de serie Cuadernos de Eudeba ;
Designación de volumen o secuencia no. 80
505 0# - NOTA DE CONTENIDO CON FORMATO
Nota de contenido con formato Contiene prólogo, bibliografía sumaria y conclusión
653 ## - TÉRMINO DE INDIZACIÓN--NO CONTROLADO
Término no controlado Formas de energía
653 ## - TÉRMINO DE INDIZACIÓN--NO CONTROLADO
Término no controlado Fuentes de energía
653 ## - TÉRMINO DE INDIZACIÓN--NO CONTROLADO
Término no controlado Termodinámica
653 ## - TÉRMINO DE INDIZACIÓN--NO CONTROLADO
Término no controlado Energía vegetal
653 ## - TÉRMINO DE INDIZACIÓN--NO CONTROLADO
Término no controlado Energía potencial
653 ## - TÉRMINO DE INDIZACIÓN--NO CONTROLADO
Término no controlado Energía superficial
653 ## - TÉRMINO DE INDIZACIÓN--NO CONTROLADO
Término no controlado Energía eléctrica
653 ## - TÉRMINO DE INDIZACIÓN--NO CONTROLADO
Término no controlado Energía osmótica
653 ## - TÉRMINO DE INDIZACIÓN--NO CONTROLADO
Término no controlado Energía de conducción
653 ## - TÉRMINO DE INDIZACIÓN--NO CONTROLADO
Término no controlado Energía química
653 ## - TÉRMINO DE INDIZACIÓN--NO CONTROLADO
Término no controlado Energía de transformación
700 1# - ENTRADA AGREGADA--NOMBRE PERSONAL
Nombre de persona Piterbarg, Roberto,
Término indicativo de función/relación Traductor.
Relación trl
700 1# - ENTRADA AGREGADA--NOMBRE PERSONAL
Nombre de persona Rossini, Luisa María,
Término indicativo de función/relación Revisión técnica.
Relación rev
942 ## - ELEMENTOS DE ENTRADA SECUNDARIOS (KOHA)
Tipo de ítem Koha Libros
980 ## - EQUIVALENCIA O REFERENCIA-CRUZADA-MENCIÓN DE SERIE--NOMBRE DE PERSONA/TÍTULO [LOCAL, CANADÁ]
Enlace 2
Nombre de persona Evangelina Gallicchio
Enlace entre campo y número de secuencia 2
Información miscelánea Evangelina Gallicchio
Holdings
Estatus retirado Estado de pérdida Fuente del sistema de clasificación o colocación Estado de daño No para préstamo Biblioteca de origen Biblioteca actual Ubicación en estantería Fecha de adquisición Número de inventario Total de préstamos Signatura topográfica completa Código de barras Visto por última vez Precio de reemplazo Tipo de ítem Koha
    Clasificación decimal universal     Julio Cortázar Julio Cortázar   07/11/2024 1391   R13 631 P57 Ej.1 1391 07/11/2024 07/11/2024 Libros

Contacto

Biblioteca Julio Cortázar. Escuela Agrotécnica "Libertador San Martín". Universidad Nacional de Rosario
Dirección: Ov. Lagos 1000 - 2170 Casilda - Santa Fe - Argentina
Tel: (54) (03464) 422226.
Fax: (54) (03464) 427789.
E-Mail: biblio-eac@unr.edu.ar